• 首页
  • 本馆介绍
  • 公告通知
  • 最新文献
  • 馆藏检索
  • 电子资源
  • 读者导购
  • 参考咨询
  • 我的图书馆
  • 登录
  • 详细信息显示
  • 放入我的书架
  • 预约/预借图书
  • 作者相关作品
  • 分类相关作品
  • 丛书相关作品
  • 出版社相关作品

书目信息

  • 表格格式
  • 工作单格式
  • 卡片格式
题名:
科学技术发展的简况
    
 
作者: 钱三强等 , 钱三强
分册:  
出版信息: 北京   知识出版社  1980
页数: 28页
开本: 19cm
丛书名:
单 册:
中图分类: N11
科图分类:
主题词: 科学技术--发展--世界
电子资源:
ISBN:
000 00717nam0 2200253 45
001 0180000977
005 20060813085411.75
010    @dCNY0.10
091    @a7214.9
100    @a19950422d1980 em y0chiy0121 ea
101 0  @achi
102    @aCN@b110000
105    @ay z 000yy
200 10 @a科学技术发展的简况@Ake xue ji shu fa zhan de jian kuang@f钱三强等@FQian San Qiang Deng
210    @a北京@c知识出版社@d1980
215    @a28页@d19cm
300    @a科学技术知识讲座第一讲
606    @a科学技术@x发展@y世界
690    @aN11@v3 
701  0 @a钱三强等
701  0 @a钱三强@Aqian san qiang@4主讲
801  2 @aCN@bNLC@c20060813
801  0 @aCN@b上海图书馆@c20040517
905    @f1@b73510@dN11@e11:1@b73511@f1
    
    科学技术发展的简况/钱三强等.-北京:知识出版社,1980
    28页;19cm
    科学技术知识讲座第一讲
    
    ISBN :CNY0.10
    
●
相关链接 在E读中查询图书 在五车中查询图书 在当当中查询图书 在豆瓣中查询图书


正题名:科学技术发展的简况     索取号:N11/11:1         预约/预借

序号 登录号 条形码 馆藏地/架位号 状态 备注
1 0073509   000566177   第三借阅区/ [索取号:N11/11:1] 在馆    
2 0073510   000566195   第三借阅区/ [索取号:N11/11:1] 在馆    
3 0073511   000566186   第三借阅区/ [索取号:N11/11:1] 在馆    
4 0073512   000562670   第三借阅区/ [索取号:N11/11:1] 在馆    
5 0073513   000562661   第二样本阅览室/ [索取号:N11/11:1] 在馆    
6 0452521   204525219   密集书库/ [索取号:N11/11:1] 在馆    
唐山师范学院图书馆 欢迎您!
大连网信软件有限公司© 版权所有